| 000 | 00674nam a2200217 i 4500 | ||
|---|---|---|---|
| 001 | 27221 | ||
| 003 | ES-MaACL | ||
| 005 | 20240515063028.0 | ||
| 007 | t| | ||
| 008 | 030113s1969 mx ||||1| spa d | ||
| 100 | 1 |
_aAyala, Francisco, _d1906-2009 _924111 |
|
| 245 | 1 | 0 |
_aObras narrativas completas / _cFrancisco Ayala ; prólogo de Andrés Amorós. |
| 250 | _a1ª ed. | ||
| 260 |
_a[México] : _bAguilar, _c[1969] |
||
| 300 |
_a1395 p. ; _c18 cm. |
||
| 490 | 1 | _aBiblioteca de autores modernos | |
| 700 | 1 |
_aAmorós, Andrés. _921309 |
|
| 830 | 0 |
_aBiblioteca de autores modernos _9180767 |
|
| 852 |
_aES-MaACL _jL-7708 _bR.107530 |
||
| 999 |
_c27221 _d27221 |
||